| 000 | 00850nam a2200265 i 4500 | ||
|---|---|---|---|
| 001 | 185523 | ||
| 003 | SpMaBN | ||
| 005 | 20230906222446.0 | ||
| 008 | 160628s2002 sp ab |||| | spa d | ||
| 020 | _a84-344-6678-3 | ||
| 080 | _a94(510)"1644/1912" | ||
| 100 | 1 |
_aCrossley, Pamela Kyle. _9160027 |
|
| 245 | 1 | 4 |
_aLos manchúes / _cPamela Kyle Crossley ; [traducción de José Reche Navarro]. |
| 250 | _a1ª ed. | ||
| 260 |
_aBarcelona : _bAriel, _c2002. |
||
| 300 |
_a245 p. : _bil., mapas ; _c23 cm. |
||
| 490 | 1 | _aAriel pueblos | |
| 500 | _aGlosario. | ||
| 500 | _aÍndice. | ||
| 504 | _aBibliografía: p. [237]-245. | ||
| 651 | 7 |
_aChina- _xHistoria- _y1644-1912, Dinastía Manchú. _9160028 |
|
| 830 | 0 |
_aAriel pueblos _9184101 |
|
| 852 |
_aES-MaACL _jL-30427 _z- Enc. cart. _z. - Donat. Miguel A. Velasco |
||
| 999 |
_c185523 _d185523 |
||